|
|
|
|
| LEADER |
00000nam0a2200000 4500 |
| 001 |
39459 |
| 005 |
20231031011419.0 |
| 035 |
|
|
|a (RuTPU)RU\TPU\book\40325
|
| 090 |
|
|
|a 39459
|
| 100 |
|
|
|a 20020402d1975 km y0rusy50 ca
|
| 101 |
1 |
|
|a rus
|c eng
|
| 102 |
|
|
|a RU
|
| 105 |
|
|
|a y z 001zy
|
| 200 |
1 |
|
|a Функциональный анализ
|e пер. с англ.
|f У. Рудин
|g Пер.: В. Я. Лина
|
| 210 |
|
|
|a Москва
|c Мир
|d 1975
|
| 215 |
|
|
|a 443 с.
|
| 320 |
|
|
|a Библиогр.: с. 430-431
|
| 320 |
|
|
|a Указ. имен. и терминов: с. 435-440
|
| 510 |
1 |
|
|a Functional analysis
|z eng
|
| 610 |
1 |
|
|a математика
|
| 610 |
1 |
|
|a функциональный анализ
|
| 610 |
1 |
|
|a векторные пространства
|
| 610 |
1 |
|
|a полнота
|
| 610 |
1 |
|
|a выпуклость
|
| 610 |
1 |
|
|a двойственность
|
| 610 |
1 |
|
|a пробные функции
|
| 610 |
1 |
|
|a преобразование Фурье
|
| 610 |
1 |
|
|a банаховы алгебры
|
| 610 |
1 |
|
|a тауберовы теоремы
|
| 610 |
1 |
|
|a операторы
|
| 675 |
|
|
|a 517.98
|v 3
|
| 700 |
|
1 |
|a Рудин
|b У.
|g Уолтер
|
| 702 |
|
1 |
|a Лин
|b В. Я.
|4 730
|
| 801 |
|
1 |
|a RU
|b 63413507
|c 20020402
|g PSBO
|
| 801 |
|
2 |
|a RU
|b 63413507
|c 20140203
|g PSBO
|
| 942 |
|
|
|c BK
|